01257nam a2200301 4500001000400000003000400004005001700008008004100025020001800066040000800084041001300092082001500105100002900120240002000149245008600169250001000255260004000265300001100305520046500316650002500781650001300806650002500819650002100844655001200865655001600877700002700893830003500920441OSt20250701101243.0250630b |||||||g |||| 00| 1 eng d a9788501086150 bpor hengapor a813bS654d1 aSmith, L. J.d1887-1968. aThe awakening.  aDiários do Vampiro -bO Despertar /cSmith, L. J ; Tradução de Ryta Vinagre a5 ed. aRio de JaneirobGalera Recordc2009 a236 p. aStefan Salvatore é imortal. E está condenado. Há séculos ele procura redenção e paz, até que chega à pequena cidade de Fell's Church e conhece Elena... Mesmo sendo a garota mais popular e adorada da escola, Elena se sente sozinha, até encontrar sua alma gêmea, Stefan, um vampiro perseguido pelo irmão Demon... Um vampiro sexy e misterioso, Damon quer vingança a qualquer custo e não medirá esforços para conseguir o que deseja. 0aLiteratura Americana 0aVampiros 0aRomance sobrenatural 0aFantasia sombria 0aRomance 0aFicção  aRyta VinagreeTRADUTOR aDiários do Vampirov vol. 01